Normal view
MARC view
- DOLCIANI, MARY P, WOOTON, WILLIAM, BECKENBACH, EDWIN F
Entry Personal Name
001 - CONTROL NUMBER
- control field: 67770
003 - CONTROL NUMBER IDENTIFIER
- control field: NUST
005 - DATE AND TIME OF LATEST TRANSACTION
- control field: 20210628203911.0
008 - FIXED-LENGTH DATA ELEMENTS
- fixed length control field: 210628|| aca||aabn | a|a d
040 ## - CATALOGING SOURCE
- Original cataloging agency: NUST
- Transcribing agency: NUST
100 ## - HEADING--PERSONAL NAME
- Personal name: DOLCIANI, MARY P, WOOTON, WILLIAM, BECKENBACH, EDWIN F
670 ## - SOURCE DATA FOUND
- Source citation: Work cat.: (NUST): DOLCIANI, MARY P, WOOTON, WILLIAM, BECKENBACH, EDWIN F, ALGEBRA-1, 1974
